| 000 | 00459nam a2200193Ia 4500 | ||
|---|---|---|---|
| 005 | 20240823035555.0 | ||
| 008 | 240823s9999||||xx |||||||||||||| ||und|| | ||
| 020 | _a978-0-8129-7558-1 | ||
| 041 | _aENGLISH | ||
| 082 | _A658.11082 P7 | ||
| 100 | _aAnn M Holmes | ||
| 245 | 0 | _aTheres a Business in Every Woman | |
| 250 | _a1st | ||
| 260 |
_c2007 _b"Ballantine Books,New" |
||
| 500 | _aYES | ||
| 650 |
_aNovel _bEnglish |
||
| 942 | _cBK | ||
| 999 |
_c201014 _d201014 |
||